00476nam a22001577a 450000500170000000800410001702000160005804100130007408200150008710000280010224500570013025000190018726000560020630000310026265000250029320231109134317.0231109b |||||||| |||| 00| 0 eng d a040901835 X aEnglish  a346.2 CHR  aChristie, RH lEnglish  aThe Law of Contract in South Africa / cRH Christie  aThird Edition  aDurban :bButterworth Publishers (Pty) Ltd, c1996  bxiv, 761 pages ; c25 cm.  aLegal practice bLaw